000 00352nam a2200133Ia 4500
008 231129s2009||||xx |||||||||||||| ||spa||
020 _a978-84-342-3405-5
040 _bspa
082 _a(i) 507 C569c
245 0 _aCiencia para niños
260 _c2009
264 _aBarcelona España : Parramón
942 _2ddc
_cBKS
999 _c6953
_d6953